Statistiques concernant Géographie par lettre - F

Cliquez ici pour prendre le quiz!

Statistiques générales

  • Ce quiz a été pris 22 843 fois
  • Le résultat moyen est 12 sur 20

Statistiques - réponses

allusionréponse% Correct
Helsinki est sa capitaleFinlande
97%
La Gaule celtique forme une grande partie de ce paysFrance
87%
La plus haute montagne du JaponFuji
87%
Etat américain dans lequel se trouve le cap CanaveralFloride
84%
Capitale de la ToscaneFlorence
82%
Capitale financière de l'AllemagneFrancfort
82%
Un bidonville brésilienfavela
77%
Nation insulaire du PacifiqueFidji
76%
Pays entre l'Ecosse et l'IslandeÎles {Féroé}
76%
Région néerlandophone de la BelgiqueFlandre
68%
Préfecture de la MartiniqueFort-de-France
64%
Ville marocaine fondée en l'an 850Fès
58%
Bras de mer long et étroit avec des pentes raides formées par les glaciersfjord
55%
San Andreas, par exemplefaille
53%
Château royal et ville, 50 km au sud-est de ParisFontainebleau
51%
Capitale de Sierra LeoneFreetown
44%
Ville principale de la Forêt-NoireFribourg
32%
Monnaie de la Hongrieforint
15%
Ville d'Alaska centraleFairbanks
12%
La plus grande ville en "F" du monde, au PakistanFaisalabad
8%

Distribution des résultats

Percentile par nombre de réponses

% des personnes avec chaque résultat

Votre développement - résultats

Vous n’avez pas pris ce quiz